Interpolation of linear operators

Αποθηκεύτηκε σε:
Λεπτομέρειες βιβλιογραφικής εγγραφής
Κύριος συγγραφέας: Krein, Selim Grigorevich 1917-
Άλλοι συγγραφείς: Petunin, IUrii Ivanovich, Semenov, E. M. (Evgenii Mikhailovich)
Μορφή: Βιβλίο
Γλώσσα:English
Δημοσίευση: Providence, R.I. : American Mathematical Society, c1982
Σειρά:Translations of mathematical monographs ; ; 54
Θέματα:
Ετικέτες: Προσθήκη ετικέτας
Δεν υπάρχουν, Καταχωρήστε ετικέτα πρώτοι!

MARC

LEADER 00000nam a2200000 i 4500
001 1/45201
008 140402s1982 eng d
020 |a 978-0-8218-3176-2 
035 |l 10117262 
040 |a GR-MY-UA  |b gre  |e aacr 
041 0 |a eng 
082 0 |a 515.7246  |2 (23) 
100 1 |a Krein, Selim Grigorevich  |d 1917- 
245 1 0 |a Interpolation of linear operators /  |c S.G. Krein, Ju.I. Petunin, E.M. Semenov 
260 |a Providence, R.I. :   |b American Mathematical Society,   |c c1982 
300 |a xii, 375 σ.;  |c 25 εκ. 
490 1 |a Translations of mathematical monographs  |v ; 54 
504 |a Βιβλιογραφία: σ.355-371. Ευρετήρια 
650 0 0 |a Linear operators. 
700 1 |a Petunin, IUrii Ivanovich. 
700 1 |a Semenov, E. M.  |q (Evgenii Mikhailovich) 
830 0 |a Translations of mathematical monographs ;  |v ; 54 
852 |a INST  |b SAMOS  |e 20140402  |h 515.7246 KRE  |p 005300036571  |q 005300036571  |t BK  |y 0 
901 |a BIBL3-2014-1 
909 |a Σ  |b 184753 
922 |a 3ΕΛΗ  |b 201311  |c ΤΜΗΜΑ ΜΑΘΗΜΑΤΙΚΩΝ/ΜΕΤΑΠΤΥΧΙΑΚΟ  |d ΔΙΑΔΡΟΜΕΣ/ΔΡΕΣ 
970 |a ΚΟΣΙΕΡΗΣ  |b ΧΡΗΣΤΟΣ  |z 2014/04/02